LEADER 03393nam 22005173u 450 001 9910163101303321 005 20230422032033.0 010 $a965-229-503-5 035 $a(CKB)2670000000524410 035 $a(EBL)1623157 035 $a(SSID)ssj0001112160 035 $a(PQKBManifestationID)12460009 035 $a(PQKBTitleCode)TC0001112160 035 $a(PQKBWorkID)11160864 035 $a(PQKB)11790323 035 $a(EXLCZ)992670000000524410 100 $a20140217d1999|||| u|| | 101 0 $aeng 135 $aur|n|---||||| 181 $ctxt 182 $cc 183 $acr 200 10$aGrand Things to Write a Poem On $eA Verse Autobiography of Shmuel Hanagid 210 $aJerusalem $cGefen Publishing House$d1999 215 $a1 online resource (296 p.) 300 $aDescription based upon print version of record. 311 $a965-229-189-7 327 $aCover Page; Title; Copyrights; Contents; Introduction; THE POEMS; Rise, Friend; The Stag of Love; How Dare Dream of Tinting Lips So Red?; That Handsome Young Waiter; Brandy; The Compliment; The New Love; After A Quarrel; The Vanished Lover; The Cloud; The Poet Misses His Friends; To A Friend, On Leaving Cordoba; The Wanderer's Lament; The Baldy; Salvation's Cup; Invitation To A Party; Now Av Is Dead; A Letter To Rabbi Yosef ben Shmuel Congratulating Him On A Halakhic Ruling; Spoken In A Tavern 327 $aThe Poet Replies To A Friend's Letter of Sympathy After His Dismissal From His Post And The Murder Of His Brother-In-Law And Nephew.Conversation With A Spice Box; The Jasmine; The Poet Replies To A Minister's Letter of Pardon; Thanksgiving; In The Worst of Times; The Battle of El Fuente; Hallelu; The Thunderstorm; The Battle of Samantin; To His Son After Examining His Copy Book; The Death of Isaac; A Letter To His Son Before Battle; Go, Tongueless Dove; War; The Poet Gets Birthday Greetings From A Woman (Perhaps His Wife); Three Eclipses In One Year; A Gift From The Battlefield 327 $aWhat Would I Not Do For The YouthA Prayer For Sleep; The Sandy Pass; The Weary Campaigner; The Garden; The Old Fort; At The Age Of One-and-Sixty Years; I Lood Around For My Old Friends; Time's Treachery; NOTES TO THE POEMS; BIBLIOGRAPHY 330 $a Shmuel Hanagid, poet, rabbi, Talmudic scholar, statesman, general and bon vivant was born in Cordoba, Spain, in 993 C.E. Settling in the city-state of Granada, he rose through its court life to become Grand Vizier and chief military commander. For years he led Granada's army into the field against its foes. Hanagid was the first major medieval Hebrew poet and the first to write on secular as well as religious themes. Often autobiographical, his poems are about such subjects as God, nature, friendship, love (of both sexes), wine, war, death, and the pains of growing old. Across a thous 517 $aGrand Things to Write a Poem On 606 $aLanguages & Literatures$2HILCC 606 $aMiddle Eastern Languages & Literatures$2HILCC 615 7$aLanguages & Literatures 615 7$aMiddle Eastern Languages & Literatures 676 $a892.4/12 700 $aHalkin$b Hillel$01140992 702 $aHalkin$b Hillel 801 0$bAU-PeEL 801 1$bAU-PeEL 801 2$bAU-PeEL 906 $aBOOK 912 $a9910163101303321 996 $aGrand Things to Write a Poem On$92864480 997 $aUNINA LEADER 03448oam 2200757 n 450 001 9910634096203321 005 20250709200011.0 010 $a9782753591554 010 $a2753591555 024 7 $a10.4000/books.pur.176977 035 $a(CKB)4100000012898945 035 $a(FrMaCLE)OB-pur-176977 035 $a(PPN)267245602 035 $a(FR-PaCSA)88938430 035 $a(FRCYB88938430)88938430 035 $a(oapen)doab98333 035 $a(EXLCZ)994100000012898945 100 $a20241012d2022 u| | 101 0 $afre 135 $auu||||||m|||| 181 $ctxt$2rdacontent 182 $cc$2rdamedia 183 $acr$2rdacarrier 200 10$aJacques Jouet /$fMarc Lapprand, Dominique Moncond?huy 210 $aRennes$cPresses universitaires de Rennes$d2016 210 1$aRennes :$cPresses universitaires de Rennes,$d2022. 215 $a1 online resource (348 pages) 225 1 $aLa Licorne 311 08$a9782753543058 311 08$a2753543054 330 $aJacques Jouet constitue l?une des figures les plus représentatives de l?Oulipo. Après les fondateurs (Queneau, Le Lionnais?) et la génération des Perec et Roubaud, il appartient à cette troisième vague née des ateliers d?écriture et portée par le virage de l?oralisation et de la rencontre avec le public. L??uvre de Jacques Jouet, l?une des plus conséquentes de l?Oulipo actuel, se distingue par sa polygraphie (poèmes, récits, nouvelles et romans, théâtre, essais, collages), par des formes marquantes (le « poème de métro »), mais aussi par des entreprises au long cours comme Navet, linge, ?il de vieux (écriture d?un poème par jour, de 1992 à 1998) ou le cycle de Mek-Ouyes, qui traverse genres et supports puisqu?il a pu prendre notamment la forme d?un feuilleton diffusé en ligne. Les Actes (assortis d?un entretien et d?un inédit) de ce premier colloque international consacré à J. Jouet mettent en lumière la diversité des formes et des entreprises de l?auteur tout en cherchant à éclairer la cohérence globale de sa démarche littéraire. 606 $aLiterary Reviews 606 $aLiterary Theory & Criticism 606 $alittérature 606 $aOulipo 610 $alittérature 610 $aOulipo 615 4$aLiterary Reviews 615 4$aLiterary Theory & Criticism 615 4$alittérature 615 4$aOulipo 700 $aBisenius-Penin$b Carole$0704141 701 $aBloomfield$b Camille$01298951 701 $aChevrier$b Alain$01361465 701 $aDe Bary$b Cécile$01361466 701 $aFournel$b Paul$01330725 701 $aGuetemme$b Geneviève$01361467 701 $aHamaide-Jager$b Éléonore$01283869 701 $aJørgensen$b Steen Bille$01361468 701 $aLapprand$b Marc$01109284 701 $aMarrache-Gouraud$b Myriam$0732743 701 $aMoncond?huy$b Dominique$0301189 701 $aMorris$b Kate$01361469 701 $aPoier-Bernhard$b Astrid$01361470 701 $aRannoux$b Catherine$01284592 701 $aReig$b Christophe$01299484 701 $aSchaffner$b Alain$0165903 701 $aSoulier$b Coraline$01361471 701 $aTahar$b Virginie$01303201 701 $aTassou$b Bertrand$01361472 701 $aVuong$b Thomas$01361473 801 0$bFR-FrMaCLE 906 $aBOOK 912 $a9910634096203321 996 $aJacques Jouet$93380055 997 $aUNINA